Groupe d’Information et de Soutien des Immigrés (Gisti), Le Guide de la protection sociale des immigrés en France, La Découverte, 2002, 264 pages, 18 € (notice n° 1619039)

détails MARC
000 -LEADER
fixed length control field 00879cam a2200157 4500500
005 - DATE AND TIME OF LATEST TRANSACTION
control field 20260111090513.0
041 ## - LANGUAGE CODE
Language code of text/sound track or separate title fre
042 ## - AUTHENTICATION CODE
Authentication code dc
100 10 - MAIN ENTRY--PERSONAL NAME
Personal name Weydert, Jean
Relator term author
245 00 - TITLE STATEMENT
Title Groupe d’Information et de Soutien des Immigrés (Gisti), Le Guide de la protection sociale des immigrés en France, La Découverte, 2002, 264 pages, 18 €
260 ## - PUBLICATION, DISTRIBUTION, ETC.
Date of publication, distribution, etc. 2003.<br/>
500 ## - GENERAL NOTE
General note 61
520 ## - SUMMARY, ETC.
Summary, etc. RésuméDans ses pièces comme dans ses discours, l’ancien Président tchèque n’a cessé de déplorer la perte du sens de la responsabilité et d’évoquer ce qu’il appelle la crise de l’identité humaine, produit d’une civilisation technique qui a oublié que l’homme n’est pas Dieu.
786 0# - DATA SOURCE ENTRY
Note Études | 398 | 4 | 2003-04-01 | p. 557s-575s | 0014-1941
856 41 - ELECTRONIC LOCATION AND ACCESS
Uniform Resource Identifier <a href="https://shs.cairn.info/revue-etudes-2003-4-page-557s?lang=fr&redirect-ssocas=7080">https://shs.cairn.info/revue-etudes-2003-4-page-557s?lang=fr&redirect-ssocas=7080</a>

Pas d'exemplaire disponible.

PLUDOC

PLUDOC est la plateforme unique et centralisée de gestion des bibliothèques physiques et numériques de Guinée administré par le CEDUST. Elle est la plus grande base de données de ressources documentaires pour les Étudiants, Enseignants chercheurs et Chercheurs de Guinée.

Adresse

627 919 101/664 919 101

25 boulevard du commerce
Kaloum, Conakry, Guinée

Réseaux sociaux

Powered by Netsen Group @ 2025